[Event "Olomouc 2008 - IM - A"]
[Site "?"]
[Date "2008.08.04"]
[Round "6.3"]
[White "Kutynec, Vladimir"]
[Black "Tuma, Jiri"]
[Result "1/2-1/2"]
[WhiteElo "2281"]
[BlackElo "2285"]
[PlyCount "160"]
[EventDate "2008.07.30"]

1. Nf3 d5 2. c4 c6 3. g3 Nf6 4. Bg2 dxc4 5. a4 Be6 6. Na3 Qd5 7. Qc2 Na6 8. O-O
Qc5 9. Qc3 Bd5 10. Qe3 e6 11. Ne5 Qxe3 12. dxe3 Bxg2 13. Kxg2 c3 14. bxc3 Be7
15. Nac4 Ne4 16. Rb1 f6 17. Nd3 b6 18. Bb2 Kf7 19. Rfd1 Rhd8 20. Nd2 Nxd2 21.
Rxd2 Nc5 22. c4 Nxa4 23. Bd4 e5 24. Ra2 exd4 25. Rxa4 dxe3 26. f4 Bd6 27. Ra6
Re8 28. Kf3 f5 29. Rba1 Re4 30. Rxa7+ Rxa7 31. Rxa7+ Kf8 32. Rd7 Be7 33. Ne5
Bc5 34. Rf7+ Kg8 35. Rc7 g6 36. Rxc6 Rd4 37. Rc8+ Kg7 38. Rc7+ Kg8 39. Nd7 Rxc4
40. Nxb6 Rc1 41. Kg2 Rc2 42. Kh3 Rc3 43. Nd7 Bd4 44. Rxc3 Bxc3 45. Nb6 Kf7 46.
Kg2 Ke6 47. Kf3 Bd4 48. Nc4 Bc5 49. Nxe3 h5 50. Ng2 Bb4 51. Nh4 Kf6 52. Ke3
Bc5+ 53. Kd3 Bg1 54. Nf3 Bb6 55. Kc4 Ke6 56. Nd4+ Kf6 57. Kd5 Ba5 58. Nf3 Bb6
59. Kd6 Ba5 60. Ne5 Bb4+ 61. Kd5 Bd2 62. Nc4 Bb4 63. Nd6 Ba5 64. Nb7 Bd2 65.
Nc5 Be3 66. h3 Bc1 67. Nd7+ Kf7 68. Ne5+ Kf6 69. Nc4 h4 70. gxh4 Bxf4 71. e4
fxe4 72. Kxe4 Bg3 73. h5 gxh5 74. Nd6 Bxd6 75. h4 Ke6 76. Kf3 Kf5 77. Kg2 Kg4
78. Kh1 Kh3 79. Kg1 Bc5+ 80. Kh1 Bb6 1/2-1/2

[Event "Olomouc 2008 - IM - A"]
[Site "?"]
[Date "2008.08.04"]
[Round "6.4"]
[White "Parligras, Cosmin"]
[Black "Bejtovic, Jasmin"]
[Result "1-0"]
[WhiteElo "2271"]
[BlackElo "2335"]
[PlyCount "61"]
[EventDate "2008.07.30"]

1. e4 c5 2. c3 d5 3. exd5 Qxd5 4. d4 Nc6 5. Nf3 Bg4 6. Be2 cxd4 7. cxd4 e6 8.
Nc3 Qa5 9. d5 O-O-O 10. O-O exd5 11. Ng5 Bxe2 12. Qxe2 Rd7 13. Bf4 Nf6 14. Rac1
h6 15. Nf3 Nh5 16. Bd2 Bd6 17. Nb5 Qa4 18. Nxd6+ Rxd6 19. Qe5 Kd7 20. Qf5+ Kc7
21. Qxf7+ Kb8 22. Qxh5 Ka8 23. a3 Qb3 24. Bf4 Rdd8 25. Qg6 Rhf8 26. Bg3 Qxb2
27. Rfd1 Rfe8 28. h3 a6 29. a4 Re4 30. Rb1 Qc3 31. Rxd5 1-0

[Event "Olomouc 2008 - IM - A"]
[Site "?"]
[Date "2008.08.04"]
[Round "6.5"]
[White "Talla, Vladimir"]
[Black "Krupa, Monika"]
[Result "1-0"]
[WhiteElo "2407"]
[BlackElo "2272"]
[PlyCount "72"]
[EventDate "2008.07.30"]

1. e4 c5 2. Nf3 Nc6 3. d4 cxd4 4. Nxd4 Nf6 5. Nc3 e5 6. Ndb5 d6 7. Bg5 a6 8.
Na3 b5 9. Bxf6 gxf6 10. Nd5 f5 11. Bd3 Be6 12. O-O Bxd5 13. exd5 Ne7 14. c3 Bg7
15. Re1 O-O 16. Nc2 f4 17. a4 bxa4 18. Nb4 a5 19. Nc6 Nxc6 20. dxc6 d5 21. Bf5
Qg5 22. Qd3 Ra7 23. Red1 Rd8 24. Bd7 Rdxd7 25. cxd7 Rxd7 26. Rxa4 f5 27. f3 e4
28. Qb5 exf3 29. Qf1 fxg2 30. Qxg2 Qh5 31. Rf1 d4 32. Rxd4 Rxd4 33. cxd4 Qg6
34. Rxf4 Kf7 35. Kf2 Qe6 36. Qg5 Ke8 1-0

[Event "Olomouc 2008 - IM - A"]
[Site "?"]
[Date "2008.08.05"]
[Round "7.1"]
[White "Krupa, Monika"]
[Black "Krejci, Jan"]
[Result "1/2-1/2"]
[WhiteElo "2272"]
[BlackElo "2305"]
[PlyCount "107"]
[EventDate "2008.07.30"]

1. e4 e5 2. Nf3 Nc6 3. Bb5 a6 4. Ba4 Nf6 5. d4 exd4 6. O-O Be7 7. e5 Ne4 8.
Nxd4 O-O 9. Nf5 d5 10. Bxc6 bxc6 11. Nxe7+ Qxe7 12. Re1 Bf5 13. f3 Nc5 14. b3
Ne6 15. Ba3 c5 16. Nc3 c6 17. Qd2 Rfe8 18. Rad1 Qh4 19. Qf2 Qxf2+ 20. Kxf2 Bxc2
21. Rd2 Bg6 22. Na4 c4 23. bxc4 dxc4 24. Nb6 c3 25. Rd6 Rab8 26. Nc4 Nf4 27.
Kg3 Nd3 28. Re3 Red8 29. h4 c2 30. h5 Bf5 31. Rxc6 Rbc8 32. Rxc8 Bxc8 33. Nd6
c1=Q 34. Bxc1 Nxc1 35. Ra3 Be6 36. Rxa6 Nxa2 37. f4 g6 38. h6 Nb4 39. Ra7 Nc6
40. Rc7 Nd4 41. Kh4 f6 42. g4 fxe5 43. Ne4 Kh8 44. Ng5 Bg8 45. fxe5 Re8 46. Rd7
Nc6 47. e6 Nd8 48. Nf7+ Bxf7 49. exf7 Rf8 50. Rxd8 Rxd8 51. Kg5 Ra8 52. Kf6
Ra6+ 53. Ke7 Ra7+ 54. Kf6 1/2-1/2

[Event "Olomouc 2008 - IM - A"]
[Site "?"]
[Date "2008.08.05"]
[Round "7.2"]
[White "Bejtovic, Jasmin"]
[Black "Talla, Vladimir"]
[Result "1-0"]
[WhiteElo "2335"]
[BlackElo "2407"]
[PlyCount "105"]
[EventDate "2008.07.30"]

1. e4 e5 2. Nf3 Nc6 3. d4 exd4 4. Nxd4 Bc5 5. Nxc6 Qf6 6. Qd2 dxc6 7. Nc3 Be6
8. Na4 Rd8 9. Bd3 Bd4 10. O-O a6 11. Qa5 Qe5 12. Qxe5 Bxe5 13. Be3 Ne7 14. f4
Bd4 15. Bxd4 Rxd4 16. Nc5 Bc8 17. f5 f6 18. Rae1 b6 19. Nb3 Rd6 20. e5 fxe5 21.
Rxe5 Kd8 22. Rfe1 Nd5 23. Nd2 Nf6 24. Nc4 Rd5 25. h3 h5 26. R5e3 Bxf5 27. Ne5
Bxd3 28. Nf7+ Kc8 29. Nxh8 Bxc2 30. Re7 g5 31. R1e6 Rd1+ 32. Re1 Rd4 33. Nf7 g4
34. R7e6 Rf4 35. hxg4 hxg4 36. Rxc6 Ba4 37. Rce6 Bd7 38. R6e2 g3 39. Ne5 Bb5
40. Rd2 a5 41. Nf3 Bc6 42. Rd4 Nd5 43. Re5 Rxd4 44. Nxd4 Bb7 45. Rg5 Nf4 46.
Rxg3 c5 47. Rg8+ Kd7 48. Rg7+ Kc8 49. Nf5 Kb8 50. g4 Nd3 51. b3 Nc1 52. g5 Nxa2
53. Rxb7+ 1-0

[Event "Olomouc 2008 - IM - A"]
[Site "?"]
[Date "2008.08.05"]
[Round "7.3"]
[White "Tuma, Jiri"]
[Black "Parligras, Cosmin"]
[Result "1/2-1/2"]
[WhiteElo "2285"]
[BlackElo "2271"]
[PlyCount "39"]
[EventDate "2008.07.30"]

1. e4 c5 2. Nf3 Nf6 3. Nc3 Nc6 4. d4 d5 5. exd5 Nxd5 6. Nxd5 Qxd5 7. Be3 cxd4
8. Nxd4 Bd7 9. Nb5 Qe5 10. Qd5 Qxd5 11. Nc7+ Kd8 12. Nxd5 e6 13. Nc3 Bb4 14.
Bd2 Ke7 15. Bd3 h6 16. O-O Rhd8 17. Rfe1 Kf8 18. a3 Be7 19. Bf4 Rac8 20. Rad1
1/2-1/2

[Event "Olomouc 2008 - IM - A"]
[Site "?"]
[Date "2008.08.05"]
[Round "7.4"]
[White "Johansson, Jan"]
[Black "Kutynec, Vladimir"]
[Result "1-0"]
[WhiteElo "2450"]
[BlackElo "2281"]
[PlyCount "43"]
[EventDate "2008.07.30"]

1. e4 d5 2. exd5 Qxd5 3. Nc3 Qa5 4. d4 Nf6 5. Nf3 Bg4 6. h3 Bh5 7. g4 Bg6 8.
Ne5 e6 9. Nc4 Qa6 10. h4 Bb4 11. Rh3 h5 12. g5 Ne4 13. Ne5 Qa5 14. Nxg6 fxg6
15. Qd3 Nxc3 16. bxc3 Be7 17. Qxg6+ Kd7 18. d5 Rf8 19. Rd3 e5 20. Bh3+ Kd8 21.
Qe6 Bd6 22. g6 1-0

[Event "Olomouc 2008 - IM - A"]
[Site "?"]
[Date "2008.08.05"]
[Round "7.5"]
[White "Vlasak, Lukas"]
[Black "Malinovsky, Karel"]
[Result "1/2-1/2"]
[WhiteElo "2136"]
[BlackElo "2353"]
[PlyCount "75"]
[EventDate "2008.07.30"]

1. e4 c5 2. Nf3 Nc6 3. d4 cxd4 4. Nxd4 g6 5. c4 Bg7 6. Be3 Nf6 7. Nc3 d6 8. Be2
O-O 9. O-O Bd7 10. Qd2 Nxd4 11. Bxd4 Bc6 12. f3 Nd7 13. Be3 a5 14. b3 Nc5 15.
Rab1 Qb6 16. Rfc1 Rfc8 17. Bf1 Qd8 18. Qf2 Qf8 19. a3 f5 20. b4 axb4 21. axb4
Na4 22. Nxa4 Rxa4 23. c5 dxc5 24. exf5 Qxf5 25. Bxc5 e6 26. Qe3 Raa8 27. Bd3
Qf7 28. Re1 Bd5 29. Be4 Bxe4 30. Qxe4 Rc6 31. Bf2 Qf5 32. b5 Rc2 33. Qxe6+ Qxe6
34. Rxe6 Raa2 35. Bg3 Rxg2+ 36. Kh1 Rge2 37. Rxe2 Rxe2 38. Rc1 1/2-1/2

[Event "Olomouc 2008 - IM - A"]
[Site "?"]
[Date "2008.08.06"]
[Round "8.1"]
[White "Krejci, Jan"]
[Black "Malinovsky, Karel"]
[Result "1-0"]
[WhiteElo "2305"]
[BlackElo "2353"]
[PlyCount "95"]
[EventDate "2008.07.30"]

1. e4 e5 2. Nf3 Nc6 3. Bb5 a6 4. Ba4 Nf6 5. O-O Be7 6. Re1 b5 7. Bb3 d6 8. c3
O-O 9. h3 Be6 10. Bxe6 fxe6 11. a4 Qd7 12. d4 exd4 13. cxd4 d5 14. e5 Ne4 15.
Nbd2 Ng5 16. Nxg5 Bxg5 17. Nb3 Be7 18. a5 b4 19. Bd2 Rfb8 20. Qc2 Nd8 21. Rac1
c6 22. f4 Rb5 23. f5 Rc8 24. Qd3 Nb7 25. f6 gxf6 26. Bh6 Kh8 27. exf6 Bxf6 28.
Qf3 Qe7 29. Qg4 Rg8 30. Qxe6 Qxe6 31. Rxe6 Bg7 32. Bxg7+ Rxg7 33. Rcxc6 Nxa5
34. Nxa5 Rxa5 35. Rc8+ Rg8 36. Rc7 Ra1+ 37. Kh2 Rb1 38. Ree7 Rg6 39. Rxh7+ Kg8
40. Rhd7 Rf6 41. Rd8+ Rf8 42. Rxd5 Rxb2 43. Rg5+ Kh8 44. Rc6 Kh7 45. Rxa6 Rb8
46. Kg3 Rd2 47. Kh4 b3 48. Kh5 1-0

[Event "Olomouc 2008 - IM - A"]
[Site "?"]
[Date "2008.08.06"]
[Round "8.2"]
[White "Kutynec, Vladimir"]
[Black "Vlasak, Lukas"]
[Result "1-0"]
[WhiteElo "2281"]
[BlackElo "2136"]
[PlyCount "47"]
[EventDate "2008.07.30"]

1. c4 e5 2. Nc3 Nf6 3. g3 Bb4 4. Bg2 O-O 5. Nf3 Re8 6. O-O c6 7. Qb3 Bf8 8. e4
d6 9. d4 Qc7 10. h3 Nbd7 11. Qc2 b5 12. cxb5 cxb5 13. Qb3 a6 14. Bg5 Bb7 15.
Rac1 Qb8 16. Bxf6 Nxf6 17. dxe5 dxe5 18. Ng5 Re7 19. Nd5 Rd7 20. Nb6 Re7 21.
Nd5 Rd7 22. Rfd1 Qd8 23. Nxf6+ gxf6 24. Nxf7 1-0

[Event "Olomouc 2008 - IM - A"]
[Site "?"]
[Date "2008.08.06"]
[Round "8.3"]
[White "Parligras, Cosmin"]
[Black "Johansson, Jan"]
[Result "1/2-1/2"]
[WhiteElo "2271"]
[BlackElo "2450"]
[PlyCount "58"]
[EventDate "2008.07.30"]

1. Nf3 Nf6 2. g3 d5 3. Bg2 c5 4. c3 Bf5 5. O-O Nc6 6. d4 cxd4 7. cxd4 Bxb1 8.
Rxb1 Qb6 9. Be3 e6 10. Ne5 Qa6 11. b4 Nxb4 12. Qb3 Bd6 13. a3 Nc6 14. Qxb7 Qxb7
15. Rxb7 Nd8 16. Rb3 Nd7 17. Nd3 Nb6 18. Bf4 Bxf4 19. Nxf4 Nc6 20. Rd1 Rd8 21.
Rc3 Rd6 22. e3 Ke7 23. Rdc1 Nc4 24. e4 Nxd4 25. exd5 Nb6 26. Rd3 Nb5 27. Rb3
Nd4 28. Rd3 Nb5 29. Rb3 Nd4 1/2-1/2

[Event "Olomouc 2008 - IM - A"]
[Site "?"]
[Date "2008.08.06"]
[Round "8.4"]
[White "Talla, Vladimir"]
[Black "Tuma, Jiri"]
[Result "1/2-1/2"]
[WhiteElo "2407"]
[BlackElo "2285"]
[PlyCount "92"]
[EventDate "2008.07.30"]

1. e4 e5 2. Nf3 Nc6 3. Bb5 a6 4. Ba4 Nf6 5. O-O b5 6. Bb3 Be7 7. Re1 d6 8. c3
O-O 9. h3 Na5 10. Bc2 c5 11. d4 Qc7 12. Nbd2 Nc6 13. d5 Nd8 14. a4 Rb8 15. b4
c4 16. axb5 axb5 17. Nf1 Ne8 18. N3h2 f6 19. f4 Nf7 20. f5 g6 21. Ng3 Ng7 22.
Rf1 Bd7 23. fxg6 hxg6 24. Ng4 Nh8 25. Be3 Qc8 26. Ra7 Ra8 27. Nh6+ Kh7 28. Rxa8
Qxa8 29. Qd2 Qa2 30. Ne2 Ra8 31. Ng4 Ne8 32. Nh2 Qb2 33. Rb1 Ra1 34. Rxa1 Qxa1+
35. Qc1 Qxc1+ 36. Bxc1 Bf8 37. g4 Nf7 38. Ng3 Bh6 39. Bxh6 Kxh6 40. Kg2 Nc7 41.
Nf3 Kg7 42. Nd2 Na8 43. Ndf1 Nb6 44. Ne3 Nh6 45. Kf3 Ng8 46. h4 Ne7 1/2-1/2

[Event "Olomouc 2008 - IM - A"]
[Site "?"]
[Date "2008.08.06"]
[Round "8.5"]
[White "Krupa, Monika"]
[Black "Bejtovic, Jasmin"]
[Result "0-1"]
[WhiteElo "2272"]
[BlackElo "2335"]
[PlyCount "116"]
[EventDate "2008.07.30"]

1. e4 c5 2. Nf3 Nc6 3. Bb5 g6 4. Bxc6 dxc6 5. h3 e5 6. d3 f6 7. Be3 Nh6 8. Qd2
Nf7 9. Nc3 Be6 10. Nh2 b6 11. f4 exf4 12. Bxf4 Bg7 13. Nf3 Qd7 14. a4 a5 15.
O-O-O Ne5 16. d4 Nxf3 17. gxf3 cxd4 18. Qxd4 Qxd4 19. Rxd4 Bf8 20. Bd6 O-O-O
21. Bxf8 Rxd4 22. Bg7 Re8 23. Bxf6 Rd7 24. h4 Rf8 25. e5 Rd4 26. Ne2 Rxa4 27.
Kd2 c5 28. Ke3 Ra2 29. Rb1 Bf5 30. Kd2 Ra4 31. Kc3 Rf7 32. b3 Ra2 33. Rc1 a4
34. Ng3 axb3 35. cxb3 Rf2 36. Nxf5 Rxf3+ 37. Kc4 gxf5 38. Bg5 Kd7 39. Rd1+ Ke6
40. Bf6 Rd7 41. Ra1 Rd4+ 42. Kb5 Rxb3+ 43. Kc6 f4 44. Ra7 Re4 45. Rxh7 Rxe5 46.
Bxe5 Kxe5 47. h5 Rh3 48. Kxb6 c4 49. Rc7 Kd4 50. Kb5 Rxh5+ 51. Kb4 Rd5 52. Rf7
Ke3 53. Kxc4 Rd8 54. Re7+ Kf2 55. Kc3 f3 56. Rf7 Kg2 57. Kc2 f2 58. Rg7+ Kf1
0-1

[Event "Olomouc 2008 - IM - A"]
[Site "?"]
[Date "2008.08.07"]
[Round "9.1"]
[White "Bejtovic, Jasmin"]
[Black "Krejci, Jan"]
[Result "1/2-1/2"]
[WhiteElo "2335"]
[BlackElo "2305"]
[PlyCount "85"]
[EventDate "2008.07.30"]

1. e4 e5 2. Nf3 Nc6 3. d4 exd4 4. Nxd4 Nf6 5. Nc3 Bb4 6. Nxc6 bxc6 7. Bd3 d5 8.
exd5 O-O 9. O-O cxd5 10. Bg5 c6 11. Qf3 Bd6 12. h3 Rb8 13. Rab1 h6 14. Bxf6
Qxf6 15. Qxf6 gxf6 16. Ne2 c5 17. b3 Re8 18. c4 d4 19. Rfe1 Bd7 20. Ng3 Bxg3
21. fxg3 Rxe1+ 22. Rxe1 Re8 23. Rxe8+ Bxe8 24. a3 a5 25. a4 Bc6 26. Kf2 Kf8 27.
g4 Ke7 28. Kg3 Ke6 29. Kf4 Bxg2 30. h4 Bc6 31. Bf5+ Kd6 32. Bd3 Bd7 33. Be4 Ke7
34. Bd3 f5 35. gxf5 Kf6 36. Be4 Bc8 37. Bd3 Bb7 38. Bf1 Bc6 39. Bd3 Bg2 40. Kg3
Bh1 41. Kf4 Bg2 42. Kg3 Bh1 43. Kf4 1/2-1/2

[Event "Olomouc 2008 - IM - A"]
[Site "?"]
[Date "2008.08.07"]
[Round "9.2"]
[White "Tuma, Jiri"]
[Black "Krupa, Monika"]
[Result "1-0"]
[WhiteElo "2285"]
[BlackElo "2272"]
[PlyCount "61"]
[EventDate "2008.07.30"]

1. e4 c5 2. Ne2 Nc6 3. Nbc3 Nf6 4. g3 d5 5. exd5 Nb4 6. Bg2 Nbxd5 7. Nxd5 Nxd5
8. O-O e5 9. c3 Be7 10. d4 exd4 11. cxd4 O-O 12. dxc5 Nb4 13. Be3 Bg4 14. Qa4
a5 15. Nc3 Bd7 16. Qd1 Bc6 17. Bxc6 bxc6 18. Qf3 Bf6 19. Rad1 Qc8 20. Bd4 Be7
21. a3 Na6 22. Na4 Qb7 23. Qc3 f6 24. Nb6 Rad8 25. Rfe1 Rxd4 26. Qxd4 Nxc5 27.
Qc4+ Kh8 28. Nd7 Nxd7 29. Rxe7 Ne5 30. Rxb7 Nxc4 31. Rdd7 1-0

[Event "Olomouc 2008 - IM - A"]
[Site "?"]
[Date "2008.08.07"]
[Round "9.3"]
[White "Johansson, Jan"]
[Black "Talla, Vladimir"]
[Result "1/2-1/2"]
[WhiteElo "2450"]
[BlackElo "2407"]
[PlyCount "54"]
[EventDate "2008.07.30"]

1. d4 d5 2. c4 e6 3. Nf3 Nf6 4. Nc3 Be7 5. Bg5 h6 6. Bxf6 Bxf6 7. e3 O-O 8. Rc1
c6 9. Bd3 dxc4 10. Bxc4 Nd7 11. O-O e5 12. h3 exd4 13. exd4 Nb6 14. Bb3 Re8 15.
Re1 Bf5 16. Rxe8+ Qxe8 17. Qd2 Qd7 18. Re1 a5 19. a4 Re8 20. Rxe8+ Qxe8 21. Qf4
Be6 22. Bxe6 Qxe6 23. Qc7 Nc4 24. Qxb7 Bxd4 25. Nxd4 Qe1+ 26. Kh2 Qe5+ 27. Kg1
Qe1+ 1/2-1/2

[Event "Olomouc 2008 - IM - A"]
[Site "?"]
[Date "2008.08.07"]
[Round "9.4"]
[White "Vlasak, Lukas"]
[Black "Parligras, Cosmin"]
[Result "1/2-1/2"]
[WhiteElo "2136"]
[BlackElo "2271"]
[PlyCount "22"]
[EventDate "2008.07.30"]

1. e4 c5 2. Nf3 Nf6 3. e5 Nd5 4. Nc3 e6 5. Nxd5 exd5 6. d4 Nc6 7. dxc5 Bxc5 8.
Qxd5 d6 9. exd6 Qb6 10. Qe4+ Be6 11. Qh4 f6 1/2-1/2

[Event "Olomouc 2008 - IM - A"]
[Site "?"]
[Date "2008.08.07"]
[Round "9.5"]
[White "Malinovsky, Karel"]
[Black "Kutynec, Vladimir"]
[Result "1-0"]
[WhiteElo "2353"]
[BlackElo "2281"]
[PlyCount "85"]
[EventDate "2008.07.30"]

1. e4 c5 2. Nf3 Nc6 3. d4 cxd4 4. Nxd4 g6 5. c4 Nf6 6. Nc3 d6 7. Be2 Nxd4 8.
Qxd4 Bg7 9. Be3 O-O 10. Qd2 Qa5 11. Rc1 Be6 12. f3 Rfc8 13. b3 a6 14. Na4 Qxd2+
15. Kxd2 Nd7 16. g4 f5 17. gxf5 gxf5 18. Rhg1 Kf7 19. Bd3 Ne5 20. Rxg7+ Kxg7
21. Bd4 Kg6 22. Rg1+ Kf7 23. Bxe5 dxe5 24. exf5 Bd7 25. Nb6 Rd8 26. Kc3 Rab8
27. Re1 Bc6 28. Rxe5 Rd6 29. c5 Rh6 30. Bc4+ Kf8 31. Re1 e5 32. fxe6 Ke7 33.
Nd5+ Bxd5 34. Bxd5 Rh5 35. Kd4 Rd8 36. Re5 Rxh2 37. Rf5 Rd2+ 38. Ke4 Re2+ 39.
Kf4 Rc2 40. Rf7+ Ke8 41. Be4 Rxc5 42. Rxh7 Rd4 43. Ke3 1-0